000 00700nam a2200277Ia 4500
005 20251020182455.0
008 200515s9999 xx 000 0 und d
082 _a624.012.4/I53
110 _aIngeniería Internacional CONSTRUCCIÓN
245 0 _aManual del constructor
250 _a3a ed.
260 _aNew York
260 _bMcGRAW-HILL
260 _cs.a.
300 _a128 p.
300 _bil., tbl., graf.
500 _a1 ejemplar
650 _aALCANTARILLADOS
650 _aARCOS PREVACIADOS
650 _aCASCARONES DE HORMIGON ARMADO
650 _aDISEÑO DE VIGAS
650 _aESTRUCTURAS DE DRENAJE
650 _aRELLENOS SANITARIOS
942 _cLIB
999 _c972
_d972